01076 2200181 4500001002100000005001500021035002000036245003500056100001700091250001700108300003200125260003300157082001000190084001600200020002200216650001500238520064100253INLIS00000000000053620240816091006 a0010-08240000541 aBeternak Domba /cSiti Rochani0 aSiti Rochani acetakan ke-1 avi, 58 hlm :bilus ;c21 cm aJakarta :bAzka Press,c2006 a636.3 a636.3 SIT b a978-979-744-475-9 4aPeternakan aBeternak domba dapat kita jadikan aktifitas yang sangat menguntungkan. Hampir seluruh bagian tubuh domba dapat dimanfaatkan. Daging domba merupakan sumber protein yang sangat baik. Sementara kulitnya merupakan bahan industri kulit. Bulu domba dapat dijadikan bahan baku wool. Demikian juga susunya, bisa kita perah, bahkan kotorannya pun dapat kita manfaatkan untuk pupuk tanaman. Apalagi beternak domba tidak sukar. Jika kita memperhatikan perawatannya dalam waktu dua tahun, kita sudah dapat memetik hasilnya. Buku ini menyajikan secara lengkap keterampilan beternak domba, dari memilih, merawatnya, hingga persiapan memanennya.